Logo-uri de marcă #3 - Statistics

General Stats
  • This quiz has been taken 8 times
  • The average score is 18 of 19
Answer Stats
Picture Answer % Correct
BMW
100%
Bolt
100%
Disney
100%
H&M
100%
Mastercard
100%
Mercedes-Benz
100%
PayPal
100%
Renault
100%
Toyota
100%
Visa
100%
Volkswagen
100%
Wizz Air
100%
Yahoo
100%
Zara
100%
Auchan
86%
Carrefour
86%
Sony
86%
Intel
71%
Ryanair
71%
No matching quizzes found
Score Distribution
Percent of People with Each Score
Percentile by Number Answered
Your Score History
You have not taken this quiz